Culture Générale - Série 1193 - Statistiques

Statistiques générales
  • Ce quiz a été pris 74 fois
  • Le résultat moyen est 3 sur 10
Statistiques - réponses
Question Réponse % Correct
Quel État insulaire d'Afrique est situé à environ 500 km à l'ouest des côtes du Sénégal ? Cap-Vert
76%
Un marmiton est aussi appelé un "gâte-... sauce
41%
De quel pays le peintre Fernando Botero est-il originaire ? Colombie
39%
A quel auteur dramatique français doit-on la pièce "Le roi se meurt", en 1962 ? Eugène Ionesco
37%
En 1944, quel général américain est à la tête de la IIIe armée américaine en France ? Patton
30%
Quel pays Amine Gemayel a-t-il dirigé, de 1982 à 1988 ? Liban
20%
Lors du Festival de Cannes 1987, quel réalisateur a dit : "Si vous ne m'aimez pas, je peux vous dire que je ne vous aime pas non plus" ? Maurice Pialat
19%
A Paris, quel établissement d'enseignement supérieur et de recherche fut fondé par François Ier, en 1530 ? Collège de France
13%
Quelle actrice interprète la chanson titre de "Fame", le film d'Alan Parker ? Irène Cara
13%
Au judo, quel terme d'arbitrage japonais signifie "fin du combat" ? soremade
0%
Aucun quiz correspondant
Distribution des résultats
% des personnes avec chaque résultat
Percentile par nombre de réponses
Votre historique - résultats
Vous n’avez pas pris ce quiz